| 000 | 01101nam a2200253Ia 4500 | ||
|---|---|---|---|
| 999 |
_c40010 _d40010 |
||
| 001 | 6616 | ||
| 003 | GE_BSU | ||
| 005 | 20191210153822.0 | ||
| 008 | 181216s2009||||ge |||||||||||||| ||geo|| | ||
| 020 | _a9789941409134 | ||
| 040 | _cGE_BSU | ||
| 041 | _ageo | ||
| 080 | _a821.353.1.09 თ-16 | ||
| 100 |
_aთავბერიძე, თეა _95763 |
||
| 245 |
_aაკაკი წერეთლის სატირული ლირიკის რიტორიკა / _cთეა თავბერიძე ; რედ. თინა შიოშვილი. |
||
| 264 |
_aბათუმი : _bშოთა რუსთაველის სახ.უნ-ტი, _c2009. |
||
| 300 |
_a123 გვ. ; _b20 სმ. |
||
| 504 | _a ბიბლიოგრ.: გვ. 118-120. | ||
| 600 |
_a წერეთელი აკაკი _95764 |
||
| 653 | _aწერეთელი აკაკი | ||
| 653 | _aქართული სატირული პოეზია | ||
| 700 |
_aშიოშვილი, თინა _eრედაქტორი _91855 |
||
| 942 |
_cBK _2udc |
||